=LDR 00000nam 2200000 4500 =001 INLIS000000000001543 =005 20130612085936 =008 ***********************************Ind** =035 ##$$0010-061300000001543 =041 ##$$a Ind =082 ##$$a 372.7 =090 ##$$a 372.7, Sup-p =100 ##$$a SUPARJO =245 ##$$a Pelajaran matematika gemar berhitung SD sesuai kurikulum pendidikan dasar 1994 GBPP SD, Supardjo =260 ##$$a 1994 $b Solo =300 ##$$a ...jil, ilus, 28 cm =650 ##$$a Matematika =650 ##$$a Pendidikan Dasar (SD) =850 ##$$a NBPNMAT